00578nam a2200205 a 4500001001300000003000900013005001700022008004100039020001000080082001700090100001900107245007500126260005200201300001000253500003500263505001600298650001800314650002300332650001700355nice12345678IN_TiNIC20260116011616.0050524s1965 cala grp 000 0 eng  ac10000a297.016bSAU aSauvaget, Jean aIntroduction to the History of the Muslim Eastb Bibliographical Guide aCaliforniabUniersity of California Pressc1965 a252p. aincludes index and biblioraphy2 aIndex, Ill. aIslam-History aIslam-Bibliography aBibliography